Groupes de rap français par membres - Statistiques

Statistiques générales
  • Ce quiz a été pris 1 293 fois
  • Le résultat moyen est 9 sur 20
Statistiques - réponses
Membres Groupe % Correct
Ademo, Nos PNL
88%
Gims, Black M, Lefa, Maska, Adams, JR O Crom, Doomams, L.I.O. Pétrodollars Sexion d'assaut
84%
Akhenaton, Shurik'n, Kheops, Freeman, Imhotep, Kephren IAM
79%
Joeystarr, Kool Shen Suprême NTM
78%
Nekfeu, Mekra, Framal, 2zer S-Crew
72%
Booba, Ali Lunatic
66%
Sneazzy, Alpha Wann, Nekfeu, Darryl Zeuja, Fonky, Flav, Dj Lo' 1995
65%
Rim'K, Mokobé, AP 113
60%
Stavo, Zed, Zero, Oldpee 13 Block
54%
Sya Styles, Soprano, Alonzo, Vincenzo Psy 4 de la rime
53%
Aketo, Tunisiano, DJ Boudj, Blacko Sniper
42%
Rim'k, Rohff, Kery James, Demon One, Manu Key, Lassana Touré, etc Mafia K'1 Fry
40%
Lino, Calbo Arsenik
32%
Pone, Le Rat Luciano, Sai l'Artificier, Don Choa, Menzo, DJ Djel, Karima, Fel Fonky Family
28%
Mac Gregor, Mac Tyer, Mac Thyff, Yamakazy Tandem
22%
Hugo, Vin7, Omry, Kayzo, Nero TSR Crew
22%
Nekfeu, Heskis', Vidji, Hunam, Kéroué 5 Majeur
20%
Koma, Mockless', Fabe, Haroun, Morad Scred Connexion
15%
Solo, Rockin' Squat, DJ Clyde, Doctor L, DJ Duke, Pro176 Assassin
11%
Doc Gyneco, Space L'Anesthésiste, Doom Décadent, Les Sales Gosses, Psychologue La Clinique
6%
Aucun quiz correspondant
Distribution des résultats
% des personnes avec chaque résultat
Percentile par nombre de réponses
Votre historique - résultats
Vous n’avez pas pris ce quiz